[Event "Ch Germany (juniors) (Internet) (under 25) (qual3)"]
[Site "masterchessopen.com – Internet"]
[Date "2009.05.17"]
[Round "1"]
[White "Strohhaeker Raoul (GER)"]
[Black "Riegel Frank"]
[Result "1-0"]
[WhiteElo "2439"]
[BlackElo "1643"]

1.e4 c5 2.Nf3 d6 3.d4 cxd4 4.Nxd4 Nf6 5.Nc3 a6 6.g3 b5 7.Bg2 Bb7 8.O-O Qc7
9.Re1 Nbd7 10.a4 b4 11.Nd5 Nxd5 12.exd5 Nf6 13.Bg5 Nxd5 14.Nf5 h6 15.Bxd5 hxg5
16.Bxb7 Qxb7 17.Nxd6+ {#r} 1-0

[Event "It (open)"]
[Site "masterchessopen.com – Brno (Czech Republic)"]
[Date "2009.07.04"]
[Round "8"]
[White "Mlensky Dalibor (CZE)"]
[Black "Snorek Milan (CZE)"]
[Result "1-0"]
[WhiteElo "2074"]
[BlackElo "2172"]

1.e4 c5 2.Nf3 d6 3.d4 cxd4 4.Nxd4 Nf6 5.Nc3 a6 6.g3 e5 7.Nde2 b5 8.Bg2 Bb7
9.h3 Be7 10.g4 h6 11.Ng3 b4 12.Nd5 Nxd5 13.exd5 Bg5 14.O-O O-O 15.Be3 a5
16.Qd2 Ba6 17.Rfe1 Nd7 18.a3 Bxe3 19.Rxe3 Nb6 20.b3 Bb7 21.axb4 axb4 22.Rxa8
Qxa8 23.Nf5 g6 24.Rg3 Qa1+ 25.Kh2 e4 26.c3 gxf5 27.gxf5+ Kh7 28.f6 Rg8
29.Bxe4+ Rg6 30.Bxg6+ {#r} 1-0

[Event "Ch Russia (club) (juniors) (under 18)"]
[Site "masterchessopen.com – Rybinsk (Russia)"]
[Date "2009.08.09"]
[Round "8"]
[White "Yuffa Daniil (RUS)"]
[Black "Kurukin Dmitry (RUS)"]
[Result "1-0"]
[WhiteElo "2138"]
[BlackElo "2219"]

1.e4 c5 2.Nf3 d6 3.d4 cxd4 4.Nxd4 Nf6 5.Nc3 a6 6.g3 e5 7.Nde2 Nbd7 8.Bg2 b5
9.a3 Bb7 10.O-O Be7 11.g4 Nxg4 12.Ng3 Ndf6 13.h3 Nh6 14.Qe2 Rc8 15.f4 Nd7
16.Be3 exf4 17.Bxf4 Ne5 18.Rad1 Qc7 19.Qh5 Qc5+ 20.Kh1 Ng6 21.Bxh6 gxh6 22.Nf5
Qe5 23.Nd5 O-O 24.Qxh6 Bd8 25.c3 Rc4 26.Rd4 Re8 27.Nde3 Re6 28.Qh5 Kh8 29.Ng4
Qc5 30.Qh6 {#r} 1-0

[Event "It \"]
[Site "masterchessopen.com – Apolda (Germany)"]
[Date "2009.08.19"]
[Round "3"]
[White "Hoolt Sarah (GER)"]
[Black "Heimann Andreas (GER)"]
[Result "0-1"]
[WhiteElo "2240"]
[BlackElo "2435"]

1.e4 c5 2.Nf3 d6 3.d4 cxd4 4.Nxd4 Nf6 5.Nc3 a6 6.g3 e5 7.Nde2 Nbd7 8.Bg2 b5
9.h3 Be7 10.g4 b4 11.Nd5 Nxd5 12.exd5 a5 13.O-O h5 14.Ng3 hxg4 15.hxg4 Nf6
16.Bf3 Bd7 17.Re1 Qc8 18.g5 Nh7 19.g6 fxg6 20.a3 Ng5 21.Bxg5 Bxg5 22.Ne4 Be7
23.axb4 axb4 24.Rxa8 Qxa8 25.Qd3 O-O 26.Ng3 Rf4 27.Kg2 Qf8 28.Re4 Rxf3 {#R}
0-1

[Event "Cup Independence (open)"]
[Site "masterchessopen.com – Kiev (Ukraine)"]
[Date "2009.08.20"]
[Round "8"]
[White "Nazarevich Vitaly (UKR)"]
[Black "Nyzhnyk Illya (UKR)"]
[Result "0-1"]
[WhiteElo "2264"]
[BlackElo "2486"]

1.e4 c5 2.Nf3 d6 3.d4 cxd4 4.Nxd4 Nf6 5.Nc3 a6 6.g3 e5 7.Nde2 Qc7 8.Bg5 Nbd7
9.Bh3 b5 10.Bxd7+ Nxd7 11.Nd5 Qc6 12.a4 bxa4 13.Qd2 a5 14.Nec3 Nc5 15.Be3 Be6
16.Bxc5 dxc5 17.Rxa4 Bd6 18.O-O O-O 19.Rfa1 c4 20.Rxa5 Rxa5 21.Rxa5 Rb8 22.Qc1
h6 23.Qa1 Qe8 24.Qa2 Qd8 25.Ra6 Bh3 26.Qxc4 Rxb2 27.Qd3 Kh7 28.Nf4 exf4 29.e5+
g6 30.exd6 Qf6 31.Nd1 Qe5 {#R} 0-1

[Event "Ch Poland (team) (1 liga)"]
[Site "masterchessopen.com – Ustron (Poland)"]
[Date "2009.09.17"]
[Round "6"]
[White "Panas Pawel (POL)"]
[Black "Siekierski Pawel (POL)"]
[Result "1-0"]
[WhiteElo "2220"]
[BlackElo "2077"]

1.e4 c5 2.Nf3 d6 3.d4 cxd4 4.Nxd4 Nf6 5.Nc3 a6 6.g3 e5 7.Nb3 Be6 8.Bg2 Be7
9.O-O O-O 10.a4 Nc6 11.Nd5 Bxd5 12.exd5 Na5 13.Nd2 Qc7 14.c3 Nc4 15.Nxc4 Qxc4
16.a5 Rfb8 17.Be3 Bd8 18.f4 exf4 19.Rxf4 Qc8 20.Bd4 b6 21.b4 bxa5 22.bxa5 Rb5
23.Qf3 Qb7 24.g4 Rb1+ 25.Rxb1 Qxb1+ 26.Bf1 Qb7 27.g5 Ne8 28.Qh5 Qe7 29.Kh1 g6
30.Qxh7+ {#r} 1-0

[Event "It (cat.3)"]
[Site "masterchessopen.com – Nova Resende (Brazil)"]
[Date "2009.10.15"]
[Round "1"]
[White "Nery Junior Jose Antonio (BRA)"]
[Black "Brito Luizmar J (BRA)"]
[Result "0-1"]
[WhiteElo "1986"]
[BlackElo "2351"]

1.e4 c5 2.Nf3 d6 3.Nc3 a6 4.d4 cxd4 5.Nxd4 Nf6 6.g3 g6 7.Bg2 Bg7 8.O-O O-O
9.a4 Nbd7 10.Be3 Ne5 11.Qe2 Qc7 12.Nd5 Nxd5 13.exd5 Ng4 14.Ne6 fxe6 15.Qxg4
Bxb2 16.dxe6 Bxa1 17.Rxa1 Qxc2 18.Be4 Qc4 19.Rd1 Bxe6 20.Qh4 Qxa4 21.Rd4 Qa1+
22.Kg2 Rf7 23.Bxb7 Rb8 24.Be4 Rb2 25.Qg5 Rfxf2+ 26.Bxf2 Rxf2+ 27.Kxf2 Qxd4+
28.Kf3 Qf6+ {#R} 0-1

[Event "Ch Belgrade (team) (qual. liga)"]
[Site "masterchessopen.com – Belgrade (Serbia)"]
[Date "2009.10.29"]
[Round "7"]
[White "Milic Stevica (SRB)"]
[Black "Cerovic Danilo (SRB)"]
[Result "0-1"]
[WhiteElo "2229"]
[BlackElo "2201"]

1.e4 c5 2.Nf3 d6 3.d4 Nf6 4.Nc3 cxd4 5.Nxd4 a6 6.g3 e5 7.Nb3 b5 8.Bg2 Bb7
9.O-O Nbd7 10.a4 b4 11.Nd5 Nxd5 12.exd5 a5 13.Re1 Be7 14.Qg4 O-O 15.Bh6 Bf6
16.Be3 Nb6 17.Bxb6 Qxb6 18.Be4 g6 19.Qf3 Bg7 20.g4 f5 21.gxf5 gxf5 22.Bxf5 Bc8
23.Bxh7+ Kxh7 24.Qh5+ Bh6 25.Re3 Bg4 26.Qh4 Ra7 27.Rf1 Raf7 28.Rd3 Bf3 29.Re1
Rg7+ 30.Kf1 Rf4 31.Qxf4 Bg2+ {#R} 0-1

[Event "Ch World (juniors) (under 14) (g)"]
[Site "masterchessopen.com – Kemer (Turkey)"]
[Date "2009.11.12"]
[Round "1"]
[White "Cemhan Kardelen (TUR)"]
[Black "Klek Hanna Marie (GER)"]
[Result "0-1"]
[WhiteElo "1779"]
[BlackElo "2044"]

1.e4 c5 2.Nf3 d6 3.d4 cxd4 4.Nxd4 Nf6 5.Nc3 a6 6.g3 e5 7.Nde2 Be6 8.Bg2 Be7
9.h3 b5 10.O-O Nbd7 11.g4 Nc5 12.Ng3 O-O 13.Nd5 Nxd5 14.exd5 Bc8 15.Be3 Na4
16.Rb1 Nb6 17.Be4 Nc4 18.Qd3 g6 19.Bh6 Re8 20.b3 Nb6 21.f4 Nd7 22.f5 Nc5
23.Qf3 gxf5 24.Bxf5 Bf8 25.Bxh7+ Kxh7 26.Bxf8 Rxf8 27.Nf5 Qg5 28.b4 Bxf5 {#R}
0-1

[Event "Extraliga 2009/10"]
[Site "masterchessopen.com – Slovakia"]
[Date "2009.11.29"]
[Round "4"]
[White "Zvarik Martin (SVK)"]
[Black "Ftacnik Lubomir (SVK)"]
[Result "0-1"]
[WhiteElo "2231"]
[BlackElo "2525"]

1.e4 c5 2.Nf3 d6 3.d4 cxd4 4.Nxd4 Nf6 5.Nc3 a6 6.g3 e5 7.Nf5 d5 8.Bg5 d4
9.Bxf6 gxf6 10.Nb1 Bxf5 11.exf5 Qd5 12.Rg1 Nc6 13.Nd2 Bb4 14.a3 Qe4+ 15.Qe2
Bxd2+ 16.Kxd2 Qxf5 17.Bg2 Qe6 18.Qd3 f5 19.Rge1 e4 20.Bxe4 Qh6+ 21.f4 fxe4
22.Rxe4+ Kf8 23.Rae1 Qxh2+ 24.Kc1 Rg8 25.Qb3 d3 26.Qxd3 Rxg3 27.Qd6+ Kg7 28.f5
Qh6+ {#R} 0-1

[Event "Ch Colombia (juniors) (under 18)"]
[Site "masterchessopen.com – Medellin (Colombia)"]
[Date "2009.12.18"]
[Round "8"]
[White "Barros Raul Junior (COL)"]
[Black "Dominguez Oscar (COL)"]
[Result "1-0"]
[WhiteElo "2065"]
[BlackElo "1755"]

1.e4 c5 2.Nf3 d6 3.d4 cxd4 4.Nxd4 Nf6 5.Nc3 a6 6.g3 e5 7.Nb3 Be7 8.Bg2 Be6
9.O-O Nbd7 10.Re1 O-O 11.Nd2 b5 12.a3 Rc8 13.Nf1 Nc5 14.Ne3 Qb6 15.Ned5 Bxd5
16.Nxd5 Nxd5 17.Qxd5 Na4 18.c3 Rc5 19.Qd3 Qc7 20.Re2 Rc6 21.Be3 Nc5 22.Qd5 a5
23.Rd1 Rb8 24.Rc2 b4 25.cxb4 axb4 26.Bd2 bxa3 27.b4 a2 28.Ra1 Nb3 29.Rxc6 Qxc6
30.Qxc6 {#r} 1-0

[Event "Czech League 2009/10 (2nd) (a)"]
[Site "masterchessopen.com – Czech Republic"]
[Round "6"]
[White "Hlavsa Filip"]
[Black "Winkelhoefer Ladislav (CZE)"]
[Result "0-1"]
[WhiteElo "1766"]
[BlackElo "2089"]

1.e4 c5 2.Nf3 d6 3.d4 cxd4 4.Nxd4 Nf6 5.Nc3 a6 6.g3 e5 7.Nb3 b5 8.Bg2 Bb7
9.Bg5 Be7 10.a3 Nbd7 11.O-O O-O 12.Bxf6 Nxf6 13.Qe2 Rc8 14.Rad1 Qc7 15.Kh1 Nd7
16.Bh3 f5 17.Kg1 fxe4 18.Be6+ Kh8 19.Rd2 Rcd8 20.Rfd1 Nb6 21.Na5 Ba8 22.Nxe4
d5 23.Nc3 Bg5 24.Rd3 e4 25.Rd4 Bf6 26.R4d2 Bxc3 27.bxc3 Qxc3 28.Nb3 Rde8
29.Qg4 Nc4 30.Rd4 Ne5 31.Qh3 Nf3+ 32.Kf1 Ng5 {#R} 0-1

[Event "Ch Poland (team) (juniors) (2 liga)"]
[Site "masterchessopen.com – Chelm (Poland)"]
[Date "2010.07.06"]
[Round "1"]
[White "Sekowski Piotr (POL)"]
[Black "Ogonowski Jakub (POL)"]
[Result "0-1"]
[WhiteElo "1395"]
[BlackElo "1682"]

1.e4 c5 2.Nf3 d6 3.d4 cxd4 4.Nxd4 Nf6 5.Nc3 a6 6.g3 b5 7.a3 Bb7 8.Bg2 Qc7
9.O-O e6 10.Be3 Be7 11.Qe2 O-O 12.Rad1 Nbd7 13.Bg5 Ne5 14.Bxf6 Bxf6 15.f4 Nc4
16.e5 Bxg2 17.exf6 Bxf1 18.Qg4 g6 19.Qh4 Kh8 20.Ne4 Qb7 21.Re1 Nd2 22.Qh6 Rg8
23.Rxf1 Qxe4 24.Nxe6 Qxe6 25.Qg5 Nxf1 26.Kxf1 Rae8 {#R} 0-1

[Event "It (open)"]
[Site "masterchessopen.com – Yuzhny (Ukraine)"]
[Date "2010.09.09"]
[Round "5"]
[White "Didovik Viktoria (UKR)"]
[Black "Moiseenko Vladimir (RUS)"]
[Result "1-0"]
[WhiteElo "1702"]
[BlackElo "2407"]

1.e4 c5 2.Nf3 d6 3.d4 cxd4 4.Nxd4 Nf6 5.Nc3 a6 6.g3 Bd7 7.Bg2 Nc6 8.Nde2 Qc7
9.O-O h6 10.h3 Rc8 11.Be3 b5 12.Rc1 g6 13.Nd5 Nxd5 14.exd5 Na5 15.Bd4 f6
16.Nf4 Rg8 17.Nxg6 Bf5 18.Nf4 Kd8 19.Qh5 Bd7 20.Qf7 Rh8 21.Bxf6 {#r} 1-0

[Event "Ch Europe (juniors) (under 10) (g)"]
[Site "masterchessopen.com – Batumi (Georgia)"]
[Date "2010.09.24"]
[Round "6"]
[White "Scarpa Silvia (ITA)"]
[Black "Jibuti Nata (GEO)"]
[Result "0-1"]
[WhiteElo "1687"]
[BlackElo "1654"]

1.e4 c5 2.Nf3 d6 3.d4 cxd4 4.Nxd4 Nf6 5.Nc3 a6 6.g3 e5 7.Nde2 Be7 8.Bg2 O-O
9.O-O Be6 10.h3 Nbd7 11.g4 h6 12.Ng3 Nb6 13.Nd5 Nfxd5 14.exd5 Bd7 15.Be4 Bg5
16.Kh2 Rc8 17.Rh1 Qe7 18.Kg1 Rc5 19.b4 Rc4 20.Bd2 Rfc8 21.Nf5 Bxf5 22.Bxf5
R8c7 23.Bxg5 Qxg5 24.h4 Qf4 25.Qe1 g6 26.Bd3 Qxg4+ 27.Kf1 Rd4 28.Be2 Qe4
29.Rg1 Qxh4 30.Bd1 Nxd5 31.a4 Qh3+ {#R} 0-1

[Event "It (open)"]
[Site "masterchessopen.com – Piestany (Slovakia)"]
[Date "2010.11.15"]
[Round "1"]
[White "Mrva Martin (SVK)"]
[Black "Goga Frantisek (SVK)"]
[Result "1-0"]
[WhiteElo "2471"]
[BlackElo "1936"]

1.e4 c5 2.Nf3 d6 3.d4 cxd4 4.Nxd4 Nf6 5.Nc3 a6 6.g3 e5 7.Nf3 h6 8.Bg2 Be6
9.O-O Be7 10.Re1 Nbd7 11.Nh4 Qc7 12.Nd5 Bxd5 13.exd5 g6 14.a4 Rc8 15.Be3 h5
16.Bh3 Qc4 17.Bg5 Ng4 18.Qd2 Bxg5 19.Qxg5 Ndf6 20.Bxg4 Nxg4 21.Nxg6 fxg6
22.Qxg6+ Kf8 23.Qxd6+ Kg7 24.h3 Nf6 25.Rxe5 Rce8 26.Rae1 Qxa4 27.Rg5+ Kf7
28.Re6 Ng8 29.Rf5+ Kg7 30.Rg6+ {#r} 1-0

[Event "Ch City"]
[Site "masterchessopen.com – Kazan (Russia)"]
[Date "2010.11.29"]
[Round "7"]
[White "Khusnutdinov Tagir (RUS)"]
[Black "Sabirov Irek (RUS)"]
[Result "1-0"]
[WhiteElo "1821"]
[BlackElo "1948"]

1.e4 c5 2.Nf3 d6 3.d4 cxd4 4.Nxd4 Nf6 5.Nc3 a6 6.g3 e5 7.Nb3 b5 8.Bg5 Nbd7
9.Nd5 Bb7 10.Bg2 h6 11.Bxf6 Nxf6 12.Nxf6+ Qxf6 13.O-O Rc8 14.Na5 Ba8 15.a4 Be7
16.Qd3 O-O 17.axb5 axb5 18.Qxb5 Rxc2 19.Nc4 Rc8 20.Nb6 R2c5 21.Qd3 Bb7 22.Nxc8
Rxc8 23.Ra7 Bc6 24.Qa6 Rb8 25.Qxc6 Kh7 26.Qc7 {#r} 1-0

[Event "Czech League 2010/11 (krajsky prebor)"]
[Site "masterchessopen.com – Czech Republic"]
[Date "2011.03.20"]
[Round "10"]
[White "Steiner Pavel"]
[Black "Splitek Lubos"]
[Result "1-0"]
[WhiteElo "1901"]
[BlackElo "1801"]

1.e4 c5 2.Nf3 d6 3.d4 cxd4 4.Nxd4 Nf6 5.Nc3 a6 6.g3 e5 7.Nb3 Bg4 8.f3 Be6
9.Bg2 Be7 10.Be3 b5 11.O-O O-O 12.Nd5 Nxd5 13.exd5 Bf5 14.f4 Qc8 15.fxe5 Bxc2
16.Qd2 Bxb3 17.axb3 Nd7 18.exd6 Bxd6 19.Rfc1 Qb7 20.Rc6 Be5 21.d6 Rfc8 22.Rc7
Rxc7 23.dxc7 Qxc7 24.Bxa8 Nf6 25.Rd1 h6 26.Qd8+ Kh7 27.Qxc7 Bxc7 28.b4 Ng4
29.Be4+ g6 30.Bd4 f5 31.Bb7 {#r} 1-0

[Event "It (open) \"]
[Site "masterchessopen.com – Athens (Greece)"]
[Date "2011.03.26"]
[Round "5"]
[White "Sideris Theodoros (GRE)"]
[Black "Tsiros Fragkiskos Vlasios (GRE)"]
[Result "1-0"]
[WhiteElo "2012"]
[BlackElo "1800"]

1.e4 c5 2.Nf3 d6 3.d4 cxd4 4.Nxd4 Nf6 5.Nc3 a6 6.g3 b5 7.a4 b4 8.Nd5 Nxd5
9.exd5 Bb7 10.Bg2 g6 11.Be3 Bg7 12.O-O O-O 13.a5 Qc7 14.Qd2 Qc4 15.Ra4 Bxd5
16.b3 Qc3 17.Qxc3 bxc3 {#r} 1-0

[Event "It (open)"]
[Site "masterchessopen.com – Medellin (Colombia)"]
[Round "8"]
[White "Alvarez Javier (COL)"]
[Black "Laverde Luis Eduardo (COL)"]
[Result "0-1"]
[WhiteElo "2174"]
[BlackElo "2130"]

1.e4 c5 2.Nf3 d6 3.d4 cxd4 4.Nxd4 Nf6 5.Nc3 a6 6.g3 g6 7.Bg2 Bg7 8.O-O Qc7
9.h3 Nbd7 10.Be3 O-O 11.Re1 {#R} 0-1

[Event "Ch Russia (seniors) (w)"]
[Site "masterchessopen.com – Odintsovo (Russia)"]
[Date "2011.04.23"]
[Round "5"]
[White "Butneva Larisa (RUS)"]
[Black "Khropova Larisa (RUS)"]
[Result "0-1"]
[WhiteElo "1868"]
[BlackElo "2083"]

1.e4 c5 2.Nf3 d6 3.d4 cxd4 4.Nxd4 Nf6 5.Nc3 a6 6.g3 b5 7.a3 Bb7 8.Bg2 e6 9.O-O
Nbd7 10.Qe2 e5 11.Nf5 g6 12.Nh6 Qc7 13.Bg5 Be7 14.Rad1 Rc8 15.Rd2 Qc4 16.Qf3
Nxe4 17.Nxe4 Bxe4 18.Qxf7+ Qxf7 19.Nxf7 Bxg2 20.Bxe7 Kxf7 21.Kxg2 Kxe7 22.c3
Nb6 23.Rfd1 d5 24.Re2 Kf6 25.f4 e4 26.g4 h5 {#R} 0-1

[Event "Ch Spain (autonomicas) (team) (cadets)"]
[Site "masterchessopen.com – Pamplona (Spain)"]
[Date "2011.06.27"]
[Round "1"]
[White "Sanchez Ibern Marc (ESP)"]
[Black "Donado-Mazarron Gomez Miguel (ESP)"]
[Result "1-0"]
[WhiteElo "2337"]
[BlackElo "1924"]

1.e4 c5 2.Nf3 d6 3.d4 cxd4 4.Nxd4 Nf6 5.Nc3 a6 6.g3 e5 7.Nb3 Be7 8.Bg2 O-O
9.O-O Nbd7 10.a4 b6 11.Re1 Bb7 12.Nd2 Qc7 13.Nf1 Nc5 14.Bg5 Rac8 15.Bxf6 Bxf6
16.Ne3 Ne6 17.Qg4 Bg5 18.Ned5 Bxd5 19.Nxd5 Qxc2 20.f4 exf4 21.gxf4 h5 22.Qxh5
Bxf4 23.Ne7# 1-0

[Event "Tournament (Elo)"]
[Site "masterchessopen.com – Kstovo (Russia)"]
[Date "2011.09.03"]
[Round "1"]
[White "Rozkov Nikolai (RUS)"]
[Black "Tkachev Vjacheslav (RUS)"]
[Result "1-0"]
[WhiteElo "2454"]
[BlackElo "2021"]

1.e4 c5 2.Nf3 d6 3.d4 cxd4 4.Nxd4 Nf6 5.Nc3 a6 6.g3 g6 7.Bg2 Bg7 8.O-O O-O
9.h3 Nbd7 10.Re1 Qc7 11.Bg5 h6 12.Be3 Ne5 13.Qc1 Kh7 14.f4 Nc4 15.Bf2 e5
16.Nde2 b5 17.a3 Bb7 18.b3 Nb6 19.fxe5 dxe5 20.g4 Rac8 21.Qe3 Nbd7 22.Rac1
Rfe8 23.a4 b4 24.Nd5 {#r} 1-0

[Event "Tournament (juniors) (under 17)"]
[Site "masterchessopen.com – Cartagena (Colombia)"]
[Date "2011.09.10"]
[Round "5"]
[White "Barros Raul Junior (COL)"]
[Black "Hernandez Cristian Andres (COL)"]
[Result "1-0"]
[WhiteElo "2224"]
[BlackElo "2136"]

1.e4 c5 2.Nf3 d6 3.d4 Nf6 4.Nc3 cxd4 5.Nxd4 a6 6.g3 e5 7.Nde2 Be7 8.Bg2 O-O
9.O-O Be6 10.h3 Nbd7 11.a4 Nb6 12.b3 Rc8 13.Be3 Qc7 14.Qd2 Rfd8 15.Rac1 Nbd7
16.g4 h6 17.Nd5 Bxd5 18.exd5 Nc5 19.Ng3 Bf8 20.g5 hxg5 21.Bxg5 Ncd7 22.Kh1 Qc3
23.Qe2 Re8 24.h4 g6 25.Bh3 Rc5 26.h5 Rxd5 27.hxg6 fxg6 28.Bxd7 Nxd7 29.Qe4 Qc6
30.Qxg6+ Kh8 31.Qxe8 {#r} 1-0

[Event "Ch Europe (juniors) (under 14) (g)"]
[Site "masterchessopen.com – Albena (Bulgaria)"]
[Date "2011.09.14"]
[Round "4"]
[White "Feduk Irina (UKR)"]
[Black "Rojikova Lenka (CZE)"]
[Result "1-0"]
[WhiteElo "1917"]
[BlackElo "1783"]

1.e4 c5 2.Nf3 d6 3.d4 cxd4 4.Nxd4 Nf6 5.Nc3 a6 6.g3 e5 7.Nde2 Nbd7 8.Bg2 b5
9.a3 Bb7 10.O-O Nc5 11.f3 Rc8 12.g4 h5 13.g5 Nfd7 14.h4 g6 15.Be3 Bg7 16.Qxd6
Qc7 17.Qxc7 Rxc7 18.Rad1 O-O 19.Bh3 Nb6 20.b3 Bc8 21.Bxc8 Rfxc8 22.Rd6 Rc6
23.Bxc5 Rxc5 24.Rxb6 Rxc3 25.Nxc3 Rxc3 26.Rb8+ Kh7 27.Rf2 f6 28.Rb7 {#r} 1-0

[Event "Cup Autumn (open)"]
[Site "masterchessopen.com – Saratov (Russia)"]
[Date "2011.10.10"]
[Round "3"]
[White "Biryukov Dmitriy (RUS)"]
[Black "Izbosarov Marat"]
[Result "1-0"]
[WhiteElo "2361"]
[BlackElo "1921"]

1.e4 c5 2.Nf3 d6 3.d4 cxd4 4.Nxd4 Nf6 5.Nc3 a6 6.g3 e5 7.Nb3 Be7 8.Bg2 Nbd7
9.a4 b6 10.O-O Bb7 11.Nd2 O-O 12.Nc4 Nc5 13.Qe2 Rc8 14.Rd1 Qc7 15.Ne3 Ncxe4
16.Nxe4 Nxe4 17.Nf5 d5 18.Bxe4 dxe4 19.Qg4 Bf6 20.Rd7 Qb8 21.Nxg7 Kh8 22.Nh5
Rc6 23.Bh6 Rg8 24.Qf5 Rg6 25.Rxf7 Bc8 26.Rf8+ Rg8 27.Qxf6+ Rxf6 28.Bg7# 1-0

[Event "It (team)"]
[Site "masterchessopen.com – Bogota (Colombia)"]
[Date "2011.10.17"]
[Round "9"]
[White "Argote Carlos David"]
[Black "Torres Carlos Andres"]
[Result "0-1"]
[WhiteElo "1772"]
[BlackElo "2027"]

1.e4 c5 2.Nf3 d6 3.d4 cxd4 4.Nxd4 Nf6 5.Nc3 a6 6.g3 g6 7.Bg2 Bg7 8.O-O O-O
9.a4 Bd7 10.h3 Nc6 11.Nde2 Rc8 12.Be3 Ne5 13.b3 Qa5 14.Qd2 Bxh3 15.f4 Bxg2
16.Kxg2 Neg4 17.Bd4 e5 18.fxe5 dxe5 19.Be3 Rfd8 20.Nd5 Qxd2 21.Ne7+ Kf8 {#R}
0-1

[Event "Tournament (open) \"]
[Site "masterchessopen.com – St. Petersburg (Russia)"]
[Date "2011.11.05"]
[Round "9"]
[White "Gorjunov Sergey (RUS)"]
[Black "Maevsky Nikolay (RUS)"]
[Result "0-1"]
[WhiteElo "2087"]
[BlackElo "2326"]

1.e4 c5 2.Nf3 d6 3.d4 Nf6 4.Nc3 cxd4 5.Nxd4 a6 6.g3 e5 7.Nde2 Be7 8.Bg2 Nbd7
9.h3 h5 10.Be3 b6 11.f4 Bb7 12.Nd5 Nxd5 13.exd5 Bf6 14.c3 Rc8 15.O-O O-O 16.f5
Bg5 17.Bf2 Nf6 18.Kh1 Re8 19.Qb3 b5 20.a4 e4 21.Rad1 e3 22.Be1 Qd7 23.axb5
axb5 24.Rd4 Re5 25.g4 hxg4 26.h4 Rc5 27.Bg3 Rexd5 28.Rfd1 Rxd4 29.Rxd4 Bxg2+
30.Kxg2 Qc6+ 31.Kh2 Qf3 {#R} 0-1

[Event "Tournament (open)"]
[Site "masterchessopen.com – Vic (Spain)"]
[Date "2011.11.15"]
[Round "4"]
[White "Casassas Brosa Ramon"]
[Black "Gonzalez Domingo Enric"]
[Result "1-0"]
[WhiteElo "1660"]
[BlackElo "1779"]

1.e4 c5 2.Nf3 d6 3.d4 cxd4 4.Nxd4 Nf6 5.Nc3 a6 6.g3 e5 7.Nb3 b5 8.Bg5 Be7
9.Bg2 Bb7 10.O-O b4 11.Bxf6 Bxf6 12.Nd5 a5 13.Nd2 Nc6 14.Nc4 Nd4 15.c3 bxc3
16.bxc3 Ba6 17.cxd4 Bxc4 18.Qa4+ Qd7 19.Qxc4 Rc8 20.Qd3 h5 21.h4 Qg4 22.dxe5
dxe5 23.Kh2 Rg8 24.Bh3 {#r} 1-0

[Event "Ch World (juniors) (under 16)"]
[Site "masterchessopen.com – Caldas Novas (Brazil)"]
[Date "2011.11.19"]
[Round "2"]
[White "Ponkshe Sarang (IND)"]
[Black "Menezes Christoph (AUT)"]
[Result "1-0"]
[WhiteElo "1949"]
[BlackElo "2263"]

1.e4 c5 2.Nf3 d6 3.d4 cxd4 4.Nxd4 Nf6 5.Nc3 a6 6.g3 e5 7.Nde2 b5 8.Bg2 Be7
9.O-O O-O 10.h3 Bb7 11.g4 Nbd7 12.Nd5 Bxd5 13.exd5 Nb6 14.Ng3 Re8 15.g5 Nfd7
16.Ne4 Rc8 17.b3 Qc7 18.Ba3 f5 19.gxf6 Nxf6 20.Nxf6+ Bxf6 21.Be4 Nd7 22.c4
bxc4 23.Rc1 c3 24.Bb4 Bg5 25.Rxc3 Qb8 26.Rxc8 Rxc8 27.Qg4 Nf8 28.Bxd6 Qxd6
29.Qxc8 g6 30.Qc6 {#r} 1-0

[Event "It (scheveningen) \"]
[Site "masterchessopen.com – Baku (Azerbaijan)"]
[Date "2011.12.23"]
[Round "4"]
[White "Heydarli Kanan Beyukkishi Oglu (AZE)"]
[Black "Bajarani Ulvi (AZE)"]
[Result "0-1"]
[WhiteElo "2370"]
[BlackElo "2434"]

1.e4 c5 2.Nf3 d6 3.d4 cxd4 4.Nxd4 Nf6 5.Nc3 a6 6.g3 g6 7.Bg2 Bg7 8.O-O O-O
9.Kh1 Bd7 10.f4 Nc6 11.Be3 Rc8 12.Nxc6 Bxc6 13.Bd4 Qa5 14.a3 Rfd8 15.Re1 e5
16.Be3 h5 17.fxe5 Qxe5 18.Bf4 Qe6 19.Qf3 Ng4 20.Rad1 Bxc3 21.bxc3 Bb5 22.h3
Ne5 23.Bxe5 dxe5 24.Rd5 Bc6 25.Rd3 Ba4 26.Red1 Rxd3 27.Qxd3 Qc4 28.Kg1 Qxd3
29.Rxd3 Bxc2 30.Rd7 Rxc3 31.Rxb7 Rxa3 {#R} 0-1

[Event "Ch Valle (juniors) (under 20) (g)"]
[Site "masterchessopen.com – Cali (Colombia)"]
[Date "2012.01.28"]
[Round "5"]
[White "Viveros Mariana Yibeth"]
[Black "Cardoso Jaidy Marcela"]
[Result "0-1"]
[WhiteElo "1690"]
[BlackElo "1533"]

1.e4 c5 2.Nf3 d6 3.d4 cxd4 4.Nxd4 Nf6 5.Nc3 a6 6.g3 e5 7.Nb3 Be6 8.Bg2 b5
9.Nd5 Nbd7 10.Bg5 h6 11.Bxf6 Nxf6 12.O-O Be7 13.Qd3 O-O 14.Rad1 Ne8 15.Rd2
Bxd5 16.exd5 Qb6 17.c4 Rc8 18.cxb5 axb5 {#R} 0-1

[Event "Czech League 2011/12 (2nd) (a)"]
[Site "masterchessopen.com – Czech Republic"]
[Date "2012.03.04"]
[Round "9"]
[White "Hodova Lucie (CZE)"]
[Black "Cuhra Martin (CZE)"]
[Result "0-1"]
[WhiteElo "2128"]
[BlackElo "2169"]

1.e4 c5 2.Nf3 d6 3.d4 cxd4 4.Nxd4 Nf6 5.Nc3 a6 6.g3 e5 7.Nde2 Be7 8.Bg2 Be6
9.h3 Nbd7 10.Be3 b5 11.O-O Rc8 12.g4 Nb6 13.Bxb6 Qxb6 14.a4 b4 15.Nd5 Nxd5
16.exd5 Bd7 17.Qd3 h5 18.Bf3 hxg4 19.hxg4 Rh4 20.Kg2 Bxg4 21.a5 Bxf3+ 22.Qxf3
Qc5 23.Qd3 Qxc2 24.Qxa6 Qe4+ 25.f3 Qg6+ 26.Kf2 Rh2+ {#R} 0-1

[Event "Ch Romania (team) (juniors) (under 12)"]
[Site "masterchessopen.com – Mamaia (Romania)"]
[Date "2012.09.06"]
[Round "5"]
[White "Ene Mihnea-Gabriel"]
[Black "Sandu Marian-Catalin"]
[Result "0-1"]
[WhiteElo "1536"]
[BlackElo "1790"]

1.e4 c5 2.Nf3 d6 3.d4 cxd4 4.Nxd4 Nf6 5.Nc3 a6 6.g3 b5 7.Bg2 Bb7 8.O-O b4
9.Nd5 e5 10.Ne2 Nxd5 11.exd5 Be7 12.Be3 Bf6 13.Qd3 Nd7 14.Rad1 a5 15.Rfe1 O-O
16.Be4 g6 17.Nc1 Be7 18.Nb3 f5 19.Bg2 Ba6 20.Qd2 Re8 21.Bf1 Bxf1 22.Kxf1 Qc7
23.a4 Nf6 24.Qd3 Ng4 25.Kg2 e4 26.Qb5 Qxc2 27.Nxa5 Nxe3+ {#R} 0-1

[Event "Tournament (open)"]
[Site "masterchessopen.com – Sao Bernardo (Brazil)"]
[Date "2012.09.16"]
[Round "6"]
[White "Kioshi Yanaguihara Vitor"]
[Black "Sato Alberto Akio"]
[Result "1-0"]
[WhiteElo "1750"]
[BlackElo "1580"]

1.e4 c5 2.Nf3 d6 3.d4 cxd4 4.Nxd4 Nf6 5.Nc3 a6 6.g3 e5 7.Nb3 Be6 8.Bg2 Bxb3
9.cxb3 Nbd7 10.Be3 Rc8 11.O-O Be7 12.Qd2 Ng4 13.Rfd1 Nxe3 14.Qxe3 Qb6 15.Qd2
Nf6 16.Rac1 O-O 17.Bh3 Rc6 18.Na4 Qa7 19.Qe2 b5 20.Rxc6 bxa4 21.Rxa6 Qb7
22.Rxa4 Rd8 23.Rc1 Nd7 24.Rac4 Qa6 25.Bxd7 {#r} 1-0